000 00456nam a2200181Ia 4500
001 3212
005 20260306144904.0
008 260306t1995||||xx |||||||||||||| ||spa||
041 _aESP
082 _a262.2
_bC28
100 _aCardó Franco, Andrés
_eAUT
245 0 _aTestigo de la fe en la escuela:
_bel educador laico católico
260 _c1995
300 _a75 páginas :
_c19 cm.
650 _aGEN
654 _aCHU
942 _cLIB
_dJUS
_fJUS
_2ddc
_n
999 _c3212
_d3212